The spanish conquest in America / (Record no. 78912)

MARC details
000 -LEADER
campo de control de longitud fija 00566nam a2200169 i 4500
001 - NÚMERO DE CONTROL
campo de control 78912
003 - IDENTIFICADOR DE NÚMERO DE CONTROL
campo de control ES-MaACL
007 - CAMPO FIJO DE DESCRIPCIÓN FÍSICA--INFORMACIÓN GENERAL
campo de control de longitud fija t|
008 - DATOS DE LONGITUD FIJA--INFORMACIÓN GENERAL
campo de control de longitud fija 041018s1904 xxk ||||1| eng d
100 1# - ENTRADA PRINCIPAL--NOMBRE DE PERSONA
Nombre de persona Helps, Arthur.
9 (RLIN) 62476
245 14 - MENCIÓN DEL TÍTULO
Título The spanish conquest in America /
Mención de responsabilidad, etc. by Arthur Helps ; a new edition edited with an introduction, maps and notes by M. Oppenheim.
260 ## - PUBLICACIÓN, DISTRIBUCIÓN, ETC.
Lugar de publicación, distribución, etc. London :
Nombre del editor, distribuidor, etc. [s.n.],
Fecha de publicación, distribución, etc. 1904 (
Lugar de fabricación/manufactura Edinburgh :
Fabricante The Riverside Press Limited)
300 ## - DESCRIPCIÓN FÍSICA
Extensión 1 v. ;
Dimensiones 20 cm.
500 ## - NOTA GENERAL
Nota general Es el vol. 4.
700 1# - ENTRADA AGREGADA--NOMBRE PERSONAL
Nombre de persona Oppenheim, M.
9 (RLIN) 87133
852 ## - LOCALIZACIÓN
Ubicación ES-MaACL
Número de control de estantería G-14245
Holdings
Estatus retirado Estado de pérdida Estado de daño No para préstamo Biblioteca de origen Biblioteca actual Ubicación en estantería Fecha de adquisición Fuente de adquisición Total de préstamos Signatura topográfica completa Código de barras Visto por última vez Precio de reemplazo Tipo de ítem Koha
        Biblioteca del Ateneo de Madrid Biblioteca del Ateneo de Madrid Sala Pecera Planta 3 17/01/2008     G-14245 1082525 23/02/2023 23/02/2023 Libro impreso